[Event "SportAccord Rapid Men 2012"]
[Site "Beijing CHN"]
[Date "2012.12.14"]
[Round "1.4"]
[White "Jobava, Baadur"]
[Black "Kamsky, Gata"]
[Result "0-1"]
[WhiteElo "2711"]
[BlackElo "2762"]
[PlyCount "105"]
[EventDate "2012.12.06"]

1. b3 d5 2. e3 Nf6 3. Bb2 g6 4. c4 Bg7 5. cxd5 O-O 6. Nf3 Qxd5 7. Be2 c5 8. O-O
Nc6 9. d3 b6 10. Nbd2 Bb7 11. a3 Rad8 12. Qb1 a5 13. Nc4 Nd7 14. e4 Qh5 15.
Bxg7 Kxg7 16. Qb2+ Kg8 17. Nfe5 Qh4 18. Nxd7 Rxd7 19. Nxb6 Rc7 20. Nd5 Rd7 21.
Rac1 Nd4 22. Rxc5 Nxe2+ 23. Qxe2 Bxd5 24. exd5 Ra7 25. Rfc1 Qd4 26. Qe3 Qxe3
27. fxe3 Rb7 28. R1c3 Rfb8 29. Rc8+ Rxc8 30. Rxc8+ Kg7 31. Rc3 Kf6 32. Kf2 Ke5
33. Kf3 Kxd5 34. d4 Kd6 35. e4 f6 36. Ke3 Rb5 37. Kd3 Rh5 38. h3 Rg5 39. g4 h5
40. d5 hxg4 41. hxg4 Rxg4 42. Rc6+ Kd7 43. Ra6 Rg3+ 44. Kc4 Re3 45. Rxa5 Rxe4+
46. Kc5 g5 47. a4 Re3 48. Ra7+ Ke8 49. b4 g4 50. Ra8+ Kf7 51. Rh8 Rh3 52. Rd8
g3 53. Kd4 0-1

[Event "SportAccord Rapid Men 2012"]
[Site "Beijing CHN"]
[Date "2012.12.15"]
[Round "5.6"]
[White "Jobava, Baadur"]
[Black "Giri, Anish"]
[Result "1-0"]
[WhiteElo "2711"]
[BlackElo "2720"]
[PlyCount "53"]
[EventDate "2012.12.06"]

1. b3 b6 2. Bb2 Bb7 3. e3 e6 4. Nc3 c5 5. Nge2 Nf6 6. d4 Be7 7. Qd2 O-O 8.
O-O-O Nc6 9. d5 exd5 10. Nxd5 Nxd5 11. Qxd5 Bf6 12. Nc3 Qb8 13. Qf5 Rd8 14. Bd3
Kf8 15. Qxh7 d5 16. Kb1 Ne5 17. Ba6 Bxa6 18. Nxd5 Rxd5 19. Rxd5 Ng6 20. Bxf6
gxf6 21. h4 Qe8 22. h5 Ne5 23. f4 Ng4 24. Rhd1 Bb5 25. h6 Nf2 26. Rd8 Nxd1 27.
Rxa8 1-0